000 00436 a2200145 4500
005 20250623131523.0
020 _a978-1-4050-7450-6
082 _a001.64DRI
100 _aDRISCOLL, T.
245 _aThe Motivate Series, Computer Studies And Information Technology
260 _aLondon,
_bMacmillan Publishing Company,
_c1997.
300 _axiii,; 428p,; ill, table, figure, picture
_bIndex
_c27cm
700 _aDolden. B
942 _2ddc
_cBKS
999 _c4641
_d4641